[Event "Chigorin Memorial"]
[Site "St Petersburg"]
[Date "2015.10.03"]
[Round "1.146"]
[White "Zhikharev, Valeriy"]
[Black "Zakharov, Yuri"]
[Result "1-0"]
[WhiteElo "2212"]
[BlackElo "1733"]
[PlyCount "85"]
[EventDate "2015.10.03"]
[EventType "swiss"]
[EventRounds "9"]
[EventCountry "RUS"]

1. d4 Nf6 2. c4 e6 3. Nc3 Bb4 4. Nf3 Ne4 5. Qc2 f5 6. g3 O-O 7. Bg2 Nc6 8. O-O
Bxc3 9. bxc3 d6 10. Ne1 Na5 11. Bxe4 fxe4 12. Qxe4 Nxc4 13. Nf3 d5 14. Qd3 h6
15. Bf4 b6 16. Rfe1 Rf6 17. Be5 Rf5 18. g4 Rf7 19. Qg6 Nxe5 20. Nxe5 Rf8 21. f3
Qe7 22. Qd3 Qf6 23. Qe3 a5 24. Kh1 Qf4 25. Qxf4 Rxf4 26. Rg1 g5 27. Kg2 Ba6 28.
e3 Rf6 29. h4 Kg7 30. hxg5 hxg5 31. Rh1 Rg8 32. Rh5 Rh6 33. Rxg5+ Kf8 34. Rxg8+
Kxg8 35. Rh1 Rxh1 36. Kxh1 Bb5 37. Kg2 c5 38. dxc5 bxc5 39. Kg3 Kf8 40. Kf4 Ba4
41. Nd3 d4 42. exd4 cxd4 43. cxd4 1-0

[Event "Chigorin Memorial"]
[Site "St Petersburg"]
[Date "2015.10.03"]
[Round "1.147"]
[White "Keadana, Amir"]
[Black "Larin, Maxim"]
[Result "0-1"]
[WhiteElo "1730"]
[BlackElo "2199"]
[PlyCount "148"]
[EventDate "2015.10.03"]
[EventType "swiss"]
[EventRounds "9"]
[EventCountry "RUS"]

1. e4 c5 2. b3 Nc6 3. Bb5 Nf6 4. Bxc6 dxc6 5. d3 Bg4 6. Ne2 Bxe2 7. Qxe2 Qd4 8.
c3 Qd7 9. Be3 e5 10. Na3 Rd8 11. Rd1 Be7 12. O-O O-O 13. h3 Qe6 14. f4 exf4 15.
Rxf4 Bd6 16. Rf5 Nd5 17. Rdf1 Nxc3 18. Qf2 b5 19. Qd2 g6 20. Bh6 gxf5 21. Rxf5
Nxe4 22. dxe4 Qxf5 23. exf5 Bh2+ 24. Kxh2 Rxd2 25. Bxd2 Rd8 26. Nb1 Rd5 27. g4
Rd3 28. h4 c4 29. bxc4 bxc4 30. Kg2 Kf8 31. Bh6+ Ke7 32. Bg7 f6 33. g5 fxg5 34.
hxg5 Rd5 35. Kg3 Rxf5 36. Kg4 Rf2 37. Nc3 Ke6 38. Kg3 Rc2 39. Kf4 a5 40. a4 Rh2
41. Kg3 Rh1 42. Kg4 Rg1+ 43. Kf4 Rf1+ 44. Kg4 Kf7 45. Bd4 Kg6 46. Be3 Re1 47.
Bd4 c5 48. Bf6 h6 49. Bd8 hxg5 50. Bxa5 Rg1+ 51. Kf3 Ra1 52. Kg4 Ra3 53. Ne4
Rxa4 54. Bc3 Ra3 55. Bf6 Re3 56. Nc3 Re1 57. Bh8 Rg1+ 58. Kf3 Kf5 59. Kf2 Rh1
60. Bg7 Rh3 61. Kg2 Rd3 62. Kf2 g4 63. Ne2 Rf3+ 64. Kg2 Ke4 65. Nc1 c3 66. Bh6
c2 67. Bd2 Rb3 68. Bh6 Rb1 69. Bd2 Rxc1 70. Bxc1 Kd3 71. Kf2 c4 72. Ke1 g3 73.
Ba3 g2 74. Kf2 Kd2 0-1

[Event "Chigorin Memorial"]
[Site "St Petersburg"]
[Date "2015.10.03"]
[Round "1.148"]
[White "Menkov, Aleksandr"]
[Black "Klimentiev, Sergey"]
[Result "1-0"]
[WhiteElo "2197"]
[BlackElo "1727"]
[PlyCount "120"]
[EventDate "2015.10.03"]
[EventType "swiss"]
[EventRounds "9"]
[EventCountry "RUS"]

1. Nf3 c5 2. g3 Nf6 3. Bg2 e6 4. c4 Be7 5. Nc3 Nc6 6. d4 cxd4 7. Nxd4 O-O 8.
O-O a6 9. Bf4 Nxd4 10. Qxd4 d6 11. Be3 Qc7 12. Rfd1 h6 13. Rac1 Bd7 14. Ne4
Nxe4 15. Bxe4 Bc6 16. b4 Rfd8 17. Bb1 Bf8 18. b5 Be8 19. Be4 axb5 20. cxb5 Qd7
21. a4 d5 22. Qb6 Rdc8 23. Bd3 Be7 24. Rxc8 Rxc8 25. a5 Qc7 26. a6 Qxb6 27.
Bxb6 bxa6 28. bxa6 Bd7 29. a7 Bd8 30. Ba6 Ra8 31. Bxd8 Rxa7 32. Bd3 Kf8 33. Rb1
Ra8 34. Bc7 Be8 35. Bd6+ Kg8 36. Bb5 Bxb5 37. Rxb5 Rd8 38. Rb8 Rxb8 39. Bxb8 f6
40. Kg2 Kf7 41. f4 Kg6 42. Kf3 h5 43. h3 Kf7 44. e4 dxe4+ 45. Kxe4 Kg6 46. Bd6
Kf7 47. Bb4 Kg6 48. Bd2 Kf7 49. Kd4 Kg6 50. g4 hxg4 51. hxg4 Kf7 52. Kc5 Ke7
53. Kc6 g6 54. Bc1 e5 55. fxe5 fxe5 56. Kd5 Kf6 57. Bd2 Kg7 58. Kxe5 Kf7 59. g5
Ke7 60. Be3 Kf7 1-0

[Event "Chigorin Memorial"]
[Site "St Petersburg"]
[Date "2015.10.03"]
[Round "1.149"]
[White "Lyubokhiner, Leonid M"]
[Black "Khadzhiev, Valery"]
[Result "0-1"]
[WhiteElo "1723"]
[BlackElo "2195"]
[PlyCount "134"]
[EventDate "2015.10.03"]
[EventType "swiss"]
[EventRounds "9"]
[EventCountry "RUS"]

1. d4 d5 2. Bf4 e6 3. e3 c6 4. c3 Nf6 5. Bd3 Bd6 6. Nf3 O-O 7. h3 b6 8. Bxd6
Qxd6 9. Nbd2 Ba6 10. Bxa6 Nxa6 11. Qa4 Nb8 12. c4 Nbd7 13. O-O c5 14. Rac1 cxd4
15. exd4 Ne4 16. cxd5 Nxd2 17. Nxd2 Qxd5 18. Nf3 Nf6 19. Qc4 Qh5 20. Rfe1 Nd5
21. Re5 Qg6 22. Qf1 h6 23. a3 Rfd8 24. Nh4 Qf6 25. Nf3 Nf4 26. Re3 Nd5 27. Re5
Rac8 28. Ree1 Nf4 29. Kh2 Qf5 30. Rxc8 Rxc8 31. Rc1 Rd8 32. Rc3 Nd5 33. Rc1 g5
34. Qc4 h5 35. Qc2 Qf4+ 36. Kg1 g4 37. hxg4 hxg4 38. Ne1 Qxd4 39. Rd1 Qf4 40.
Nd3 Qf5 41. Nb4 Qxc2 42. Nxc2 Rc8 43. Ne1 Kf8 44. Kf1 Ke7 45. Ke2 Rc4 46. Kd3
b5 47. g3 e5 48. Ke2 Ke6 49. f3 f5 50. fxg4 fxg4 51. Ng2 Rc2+ 52. Rd2 Rxd2+ 53.
Kxd2 e4 54. Ke2 Ke5 55. Ne1 Ne7 56. Nc2 Nf5 57. Kf2 a5 58. b3 Kd5 59. Ke1 e3
60. Kd1 Ke4 61. b4 a4 62. Ne1 Nxg3 63. Kc2 Nf5 64. Kc3 Nh4 65. Nd3 g3 66. Nc5+
Kf3 67. Nd3 g2 0-1

[Event "Chigorin Memorial"]
[Site "St Petersburg"]
[Date "2015.10.03"]
[Round "1.150"]
[White "Mamyrbay, Assad"]
[Black "Kurochkin, Alexander"]
[Result "1-0"]
[WhiteElo "2195"]
[BlackElo "1720"]
[PlyCount "79"]
[EventDate "2015.10.03"]
[EventType "swiss"]
[EventRounds "9"]
[EventCountry "RUS"]

1. e4 e6 2. d4 d5 3. Nd2 dxe4 4. Nxe4 Nd7 5. Bd3 Ngf6 6. Ng3 Be7 7. Nf3 O-O 8.
O-O b6 9. Qe2 Bb7 10. Be3 c5 11. Rad1 Qc7 12. c3 Nd5 13. Qc2 h6 14. Bc1 Nf4 15.
Bh7+ Kh8 16. Be4 Bxe4 17. Qxe4 Ng6 18. Nh5 Nf6 19. Nxf6 Bxf6 20. h4 cxd4 21. h5
Ne7 22. Nxd4 Qc5 23. Qf3 Bg5 24. Nb3 Qe5 25. Nd2 Qd5 26. Ne4 Qxa2 27. Nxg5 hxg5
28. h6 f6 29. Rd7 Nf5 30. hxg7+ Nxg7 31. Qb7 Rg8 32. Rxg7 Rxg7 33. Qxa8+ Kh7
34. Rd1 Qb3 35. Rd8 Qc2 36. Rh8+ Kg6 37. Qe8+ Kf5 38. g4+ Kxg4 39. Qxe6+ f5 40.
Qe3 1-0

[Event "Chigorin Memorial"]
[Site "St Petersburg"]
[Date "2015.10.03"]
[Round "1.151"]
[White "Shadunts, Kirill"]
[Black "Evdokimov, Alexey"]
[Result "0-1"]
[WhiteElo "1715"]
[BlackElo "2193"]
[PlyCount "104"]
[EventDate "2015.10.03"]
[EventType "swiss"]
[EventRounds "9"]
[EventCountry "RUS"]

1. d4 Nf6 2. c4 g6 3. Nc3 Bg7 4. e4 O-O 5. f3 d6 6. Be3 e5 7. Nge2 exd4 8. Nxd4
Re8 9. Be2 c6 10. Bf2 Nh5 11. Qd2 Na6 12. O-O Qf6 13. Be3 Nf4 14. Nb3 Nxe2+ 15.
Qxe2 Be6 16. Bd4 Qd8 17. Bxg7 Kxg7 18. Qd2 Qb6+ 19. Qd4+ Qxd4+ 20. Nxd4 Bxc4
21. Rfd1 Rad8 22. b3 Be6 23. Rac1 d5 24. Nxe6+ fxe6 25. e5 g5 26. Ne2 Nb8 27.
g3 Nd7 28. f4 h6 29. Kf2 c5 30. b4 b6 31. a3 Rc8 32. h4 Kg6 33. Ke3 a5 34. b5
Kf5 35. Kf3 g4+ 36. Ke3 h5 37. Rc2 Nf8 38. Kd3 Ng6 39. Rdc1 Ne7 40. Rc3 Kg6 41.
R3c2 Nf5 42. Rg1 Red8 43. Rd2 Rc7 44. Rc1 Kf7 45. Rg1 d4 46. Rc1 Kg6 47. Rb2
c4+ 48. Rxc4 Rxc4 49. Kxc4 d3 50. Nc3 Ne3+ 51. Kb3 d2 52. Rb1 d1=Q+ 0-1

[Event "Chigorin Memorial"]
[Site "St Petersburg"]
[Date "2015.10.03"]
[Round "1.152"]
[White "Shpartko, Grigory"]
[Black "Shirshov, Nikolay"]
[Result "0-1"]
[WhiteElo "2193"]
[BlackElo "1714"]
[PlyCount "140"]
[EventDate "2015.10.03"]
[EventType "swiss"]
[EventRounds "9"]
[EventCountry "RUS"]

1. d4 Nf6 2. c4 d6 3. g3 g6 4. Bg2 Bg7 5. Nc3 O-O 6. e4 c5 7. Nge2 cxd4 8. Nxd4
Bd7 9. O-O Nc6 10. Nxc6 Bxc6 11. Be3 a5 12. Rc1 a4 13. h3 Qa5 14. Qd2 Nd7 15.
Rfd1 Nc5 16. Bh6 Rfc8 17. Bxg7 Kxg7 18. Kh2 Rab8 19. Qf4 Kg8 20. h4 Ne6 21. Qe3
Qc5 22. Qd2 Qe5 23. f4 Qg7 24. Bh3 Rc7 25. b4 axb3 26. axb3 Nc5 27. Qc2 b5 28.
cxb5 Bxb5 29. e5 Nb7 30. Qa2 dxe5 31. Nxb5 Rxc1 32. Rxc1 exf4 33. gxf4 Qf6 34.
Rc4 Qxh4 35. b4 Rd8 36. Qe2 Rd5 37. f5 Qg5 38. Bg2 Rxf5 39. Nd4 Re5 40. Qf2
Qh5+ 41. Kg1 Qd1+ 42. Bf1 Nd6 43. Rc2 Rg5+ 44. Kh2 Qg4 45. Bh3 Rh5 46. Rc3 Ne4
47. Qf3 Rxh3+ 48. Qxh3 Qf4+ 49. Rg3 Nxg3 50. Qxg3 Qxd4 51. Qb8+ Kg7 52. b5 e5
53. b6 e4 54. b7 e3 55. Qc8 Qf4+ 56. Kg2 e2 57. b8=Q Qxb8 58. Qxb8 e1=Q 59.
Qb2+ Kh6 60. Qd4 Qe2+ 61. Kg3 Qh5 62. Qh8 Qg5+ 63. Kh3 f5 64. Qf8+ Kh5 65. Qa8
Qg4+ 66. Kh2 h6 67. Qc6 f4 68. Qc5+ g5 69. Qc6 Qe2+ 70. Kg1 f3 0-1

[Event "Chigorin Memorial"]
[Site "St Petersburg"]
[Date "2015.10.03"]
[Round "1.153"]
[White "Golikov, Sergei"]
[Black "Vunder, Andrey"]
[Result "1/2-1/2"]
[WhiteElo "1708"]
[BlackElo "2192"]
[PlyCount "126"]
[EventDate "2015.10.03"]
[EventType "swiss"]
[EventRounds "9"]
[EventCountry "RUS"]

1. d4 d5 2. c4 e6 3. Nc3 Nf6 4. cxd5 exd5 5. Bg5 c6 6. e3 Bf5 7. Bd3 Bxd3 8.
Qxd3 Be7 9. f3 Nbd7 10. Nge2 O-O 11. O-O Re8 12. Rae1 Qb6 13. b3 Rad8 14. Bh4
Nf8 15. Bf2 Bb4 16. Rc1 Qa5 17. Qc2 Ng6 18. h3 Rd7 19. e4 dxe4 20. fxe4 Qg5 21.
e5 Bxc3 22. Nxc3 Nf4 23. Be1 N6h5 24. Ne4 Qh6 25. Nd6 Rxd6 26. exd6 Re2 27. Qf5
Rxg2+ 28. Kh1 Qxd6 29. Qc8+ Qf8 30. Qxb7 g5 31. Rxc6 Qa3 32. Qb8+ Kg7 33. Qe5+
f6 34. Rc7+ Kh6 35. Qf5 Ng6 36. Kxg2 Qxa2+ 37. Qc2 Qa6 38. Bb4 Qe6 39. Bf8+
Nxf8 40. Qf5 Qxb3 41. Qf3 Qb2+ 42. Qf2 Nf4+ 43. Kh1 Qa3 44. Qf3 Qd6 45. Rxa7
Qxd4 46. Ra6 N8g6 47. Rd1 Qb2 48. Ra3 Nh4 49. Rb3 Qa2 50. Qb7 Qe2 51. Rdb1 Nd3
52. Qc6 Nf2+ 53. Kg1 Ne4 54. R1b2 Nf3+ 55. Rxf3 Qxf3 56. Qc8 Qe3+ 57. Kh1 Qe1+
58. Kg2 Qg3+ 59. Kf1 Qf3+ 60. Kg1 Qe3+ 61. Kg2 Qg3+ 62. Kf1 Qd3+ 63. Kg2 Qg3+
1/2-1/2

[Event "Chigorin Memorial"]
[Site "St Petersburg"]
[Date "2015.10.03"]
[Round "1.154"]
[White "Dragun, Valentin"]
[Black "Pankova, Julia"]
[Result "1-0"]
[WhiteElo "2190"]
[BlackElo "1703"]
[PlyCount "99"]
[EventDate "2015.10.03"]
[EventType "swiss"]
[EventRounds "9"]
[EventCountry "RUS"]

1. e4 c5 2. Nf3 d6 3. Bb5+ Bd7 4. Bxd7+ Nxd7 5. O-O Ngf6 6. Re1 e6 7. b3 Be7 8.
Bb2 O-O 9. c4 a6 10. Nc3 Ne5 11. Qe2 Nfd7 12. Rad1 Nxf3+ 13. Qxf3 Bf6 14. Qe2
Nb8 15. f4 Nc6 16. Kh1 g6 17. e5 dxe5 18. Ne4 Nd4 19. Bxd4 exd4 20. Nxc5 Qc7
21. Nd3 Rfd8 22. Rc1 Qa5 23. a4 Rac8 24. Qd1 Qf5 25. Qf3 Qa5 26. Rc2 Qb6 27.
Rb1 Qc6 28. Qxc6 Rxc6 29. b4 Rdc8 30. Rbc1 b5 31. c5 Kf8 32. axb5 axb5 33. Ra2
Ke8 34. g3 R8c7 35. Kg2 Kd7 36. Kf3 Rb7 37. Rca1 Rcc7 38. Ra8 h5 39. Ke4 Bg7
40. R1a6 f5+ 41. Kf3 Rc6 42. h4 Bf6 43. Ne5+ Bxe5 44. fxe5 Rbc7 45. Kf4 Rxa6
46. Rxa6 Rc8 47. Kg5 Ke7 48. Ra7+ Kd8 49. Kxg6 Rc6 50. Kxh5 1-0

[Event "Chigorin Memorial"]
[Site "St Petersburg"]
[Date "2015.10.03"]
[Round "1.155"]
[White "Selezneva, Ekaterina"]
[Black "Baraeva, Marina"]
[Result "0-1"]
[WhiteElo "1700"]
[BlackElo "2189"]
[PlyCount "62"]
[EventDate "2015.10.03"]
[EventType "swiss"]
[EventRounds "9"]
[EventCountry "RUS"]

1. e4 c5 2. Nf3 a6 3. Nc3 b5 4. d4 cxd4 5. Nxd4 Bb7 6. Bd3 g6 7. O-O Bg7 8. Be3
d6 9. Qd2 Nf6 10. a3 Ng4 11. Rad1 Nd7 12. Be2 Nxe3 13. Qxe3 O-O 14. Kh1 Rc8 15.
f4 Qb6 16. Qf2 Qc7 17. Qg3 Nb6 18. f5 Nc4 19. Bxc4 Qxc4 20. Qe3 b4 21. Nd5 Bxd5
22. exd5 Bxd4 23. Rxd4 Qxf1+ 24. Qg1 Qxg1+ 25. Kxg1 bxa3 26. bxa3 Rxc2 27. Ra4
Rb8 28. h3 gxf5 29. Rxa6 Rbb2 30. Ra7 Rxg2+ 31. Kf1 Rgc2 0-1

[Event "Chigorin Memorial"]
[Site "St Petersburg"]
[Date "2015.10.03"]
[Round "1.156"]
[White "Basencyan, Mark"]
[Black "Aure, Anders Nilsson"]
[Result "1-0"]
[WhiteElo "2187"]
[BlackElo "1689"]
[PlyCount "69"]
[EventDate "2015.10.03"]
[EventType "swiss"]
[EventRounds "9"]
[EventCountry "RUS"]

1. d4 Nf6 2. c4 g6 3. f3 c5 4. d5 d6 5. Nc3 Bg7 6. e4 O-O 7. Bd3 Na6 8. Nge2
Nc7 9. O-O Bd7 10. a3 a5 11. a4 Na6 12. Bg5 Nb4 13. Qd2 h6 14. Be3 Kh7 15. Rae1
Ng8 16. Bb1 f5 17. exf5 Bxf5 18. Nf4 Qd7 19. g4 Bxb1 20. Rxb1 b6 21. Rbe1 Rfe8
22. Ne6 Bf6 23. f4 Bg7 24. Qd1 Na6 25. g5 Nc7 26. Bc1 Nxe6 27. Rxe6 Rf8 28. h4
Bd4+ 29. Kg2 Rf5 30. h5 hxg5 31. hxg6+ Kg7 32. fxg5 Raf8 33. Qh5 Rf2+ 34. Rxf2
Rxf2+ 35. Kg3 1-0

[Event "Chigorin Memorial"]
[Site "St Petersburg"]
[Date "2015.10.03"]
[Round "1.157"]
[White "Khochinsky, Andrey"]
[Black "Dilmukhametov, Artur"]
[Result "0-1"]
[WhiteElo "1680"]
[BlackElo "2187"]
[PlyCount "98"]
[EventDate "2015.10.03"]
[EventType "swiss"]
[EventRounds "9"]
[EventCountry "RUS"]

1. d4 d5 2. c4 c6 3. Nf3 dxc4 4. Nc3 b5 5. e4 Nf6 6. e5 Nd5 7. a4 Nxc3 8. bxc3
e6 9. axb5 cxb5 10. Be2 Bb7 11. O-O Be7 12. Nd2 O-O 13. Bf3 Bd5 14. Ba3 Nc6 15.
Bxe7 Qxe7 16. Ne4 a5 17. Nd6 Rab8 18. Bxd5 exd5 19. f4 Rfd8 20. Qf3 Rxd6 21.
exd6 Qxd6 22. f5 b4 23. f6 g6 24. Rae1 b3 25. Rf2 a4 26. Rfe2 Rf8 27. Re8 b2
28. Rxf8+ Kxf8 29. Qf2 a3 30. Qh4 h5 31. Qg5 Ne5 32. dxe5 Qb6+ 33. Kf1 b1=Q 34.
Qh6+ Ke8 35. Qh8+ Kd7 36. e6+ Qxe6 37. Rxb1 Qf5+ 38. Ke2 Qd3+ 39. Kf2 Qxb1 40.
Qa8 Qc2+ 41. Kf1 Qd3+ 42. Kf2 Qd2+ 43. Kf1 a2 44. Qb7+ Ke6 45. Qc8+ Ke5 46.
Qe8+ Kf5 47. Qc8+ Kg5 48. h4+ Kxh4 49. g3+ Kg5 0-1

[Event "Chigorin Memorial"]
[Site "St Petersburg"]
[Date "2015.10.03"]
[Round "1.158"]
[White "Derakhshani, Borna"]
[Black "Shugalei, Mikhail"]
[Result "1-0"]
[WhiteElo "2186"]
[BlackElo "1663"]
[PlyCount "47"]
[EventDate "2015.10.03"]
[EventType "swiss"]
[EventRounds "9"]
[EventCountry "RUS"]

1. e4 c5 2. Nf3 d6 3. d4 cxd4 4. Nxd4 Nc6 5. Nc3 Nf6 6. Bb5 Bd7 7. O-O a6 8.
Nxc6 Bxc6 9. Bxc6+ bxc6 10. f4 e5 11. Qd3 Qb6+ 12. Kh1 Be7 13. fxe5 dxe5 14.
Qg3 O-O 15. Bh6 Ne8 16. Nd1 c5 17. Bd2 Qe6 18. Bc3 Bd6 19. Ne3 Nf6 20. Nf5 g6
21. Nxd6 Qxd6 22. Bxe5 Nxe4 23. Bxd6 Nxg3+ 24. hxg3 1-0

[Event "Chigorin Memorial"]
[Site "St Petersburg"]
[Date "2015.10.03"]
[Round "1.159"]
[White "Mednik, Boris"]
[Black "Obgolts, Erik"]
[Result "0-1"]
[WhiteElo "1648"]
[BlackElo "2184"]
[PlyCount "58"]
[EventDate "2015.10.03"]
[EventType "swiss"]
[EventRounds "9"]
[EventCountry "RUS"]

1. e4 c5 2. Nf3 e6 3. d4 cxd4 4. Nxd4 Nc6 5. Nc3 Qc7 6. Be3 Nf6 7. f3 a6 8. Qd2
Be7 9. O-O-O O-O 10. g4 b5 11. h4 b4 12. Nb1 Nxd4 13. Bxd4 d5 14. e5 Nd7 15. f4
Nc5 16. Bxc5 Bxc5 17. Bg2 a5 18. h5 a4 19. g5 b3 20. axb3 axb3 21. Rh3 bxc2 22.
Qxc2 Qa7 23. Re1 Bd7 24. g6 Rac8 25. Rc3 Bb4 26. gxf7+ Kh8 27. Rxc8 Rxc8 28.
Nc3 Ba4 29. b3 Qxf7 0-1

[Event "Chigorin Memorial"]
[Site "St Petersburg"]
[Date "2015.10.03"]
[Round "1.160"]
[White "Salman, Pavel"]
[Black "Lapin, Nikita"]
[Result "1-0"]
[WhiteElo "2183"]
[BlackElo "1641"]
[PlyCount "81"]
[EventDate "2015.10.03"]
[EventType "swiss"]
[EventRounds "9"]
[EventCountry "RUS"]

1. d4 Nf6 2. c4 g6 3. Nc3 Bg7 4. e4 d6 5. Nf3 O-O 6. Be2 e5 7. O-O Nbd7 8. Re1
Re8 9. Bf1 c6 10. d5 cxd5 11. cxd5 Qb6 12. Be3 Qd8 13. Rc1 a6 14. b4 Ng4 15.
Bd2 Qb6 16. Re2 f5 17. h3 Ngf6 18. Ng5 fxe4 19. Ne6 Re7 20. Na4 Qa7 21. Be3 Qb8
22. Rec2 Re8 23. Nc7 Rf8 24. Nxa8 Qxa8 25. b5 Kf7 26. Rc7 Kg8 27. Qc2 Nxd5 28.
Rxc8 Qxc8 29. Qxc8 Rxc8 30. Rxc8+ Kf7 31. Bc4 N7f6 32. Nc3 Ke6 33. Nxd5 Nxd5
34. Rc7 Bf6 35. Rxb7 axb5 36. Rxb5 Kd7 37. Bxd5 Kc7 38. Rb7+ Kc8 39. a4 Bd8 40.
Rxh7 Ba5 41. Be6+ 1-0

[Event "Chigorin Memorial"]
[Site "St Petersburg"]
[Date "2015.10.03"]
[Round "1.161"]
[White "Tsyrendashiev, Bato"]
[Black "Zherebtsova, Alexandra"]
[Result "0-1"]
[WhiteElo "1631"]
[BlackElo "2181"]
[PlyCount "36"]
[EventDate "2015.10.03"]
[EventType "swiss"]
[EventRounds "9"]
[EventCountry "RUS"]

1. e4 e5 2. Nf3 Nc6 3. Bc4 Bc5 4. b4 Bxb4 5. c3 Ba5 6. d4 d6 7. dxe5 dxe5 8.
Qb3 Qf6 9. O-O Bb6 10. Bg5 Qg6 11. Rd1 f6 12. Bxg8 fxg5 13. Nxg5 Kf8 14. Rd3
Bg4 15. Ne6+ Ke7 16. Qa3+ Kf6 17. Nf8 Qxe4 18. Nd7+ Kg6 0-1

[Event "Chigorin Memorial"]
[Site "St Petersburg"]
[Date "2015.10.03"]
[Round "1.162"]
[White "Reshetnikov, Ruslan"]
[Black "Pogorelskikh, Sofia"]
[Result "1-0"]
[WhiteElo "2178"]
[BlackElo "1616"]
[PlyCount "47"]
[EventDate "2015.10.03"]
[EventType "swiss"]
[EventRounds "9"]
[EventCountry "RUS"]

1. d4 d6 2. Nf3 Nd7 3. e4 g6 4. c4 Bg7 5. Be2 e5 6. O-O Ne7 7. Nc3 O-O 8. Re1
a5 9. Be3 Nc6 10. Qd2 exd4 11. Nxd4 Nxd4 12. Bxd4 Nf6 13. Bf1 Bg4 14. Nd5 Nxd5
15. cxd5 Bxd4 16. Qxd4 Bd7 17. Rac1 f5 18. e5 dxe5 19. Rxe5 c6 20. Bc4 b5 21.
dxc6+ bxc4 22. cxd7 Qc7 23. Re7 Qd8 24. Qg7# 1-0

[Event "Chigorin Memorial"]
[Site "St Petersburg"]
[Date "2015.10.03"]
[Round "1.163"]
[White "Abdildayeva, Laura"]
[Black "Tugarin, Anton"]
[Result "0-1"]
[WhiteElo "1600"]
[BlackElo "2177"]
[PlyCount "63"]
[EventDate "2015.10.03"]
[EventType "swiss"]
[EventRounds "9"]
[EventCountry "RUS"]

1. e4 c5 2. Nf3 d6 3. d4 cxd4 4. Nxd4 Nf6 5. Nc3 g6 6. f4 Nc6 7. Be2 Bg7 8. Be3
O-O 9. O-O Qb6 10. Na4 Qa5 11. Nxc6 bxc6 12. Nc3 Rb8 13. Rb1 Rd8 14. Qe1 Ne8
15. Bd3 Rxb2 16. Rxb2 Bxc3 17. Qb1 Bxb2 18. Qxb2 Nf6 19. h3 Nd7 20. Bd4 Ba6 21.
Bxa6 Qxa6 22. e5 Rb8 23. Qa1 c5 24. Bc3 d5 25. Qe1 d4 26. Ba5 Qe6 27. Qh4 Nb6
28. Rf3 Nc4 29. Be1 Ne3 30. g4 Qd5 31. Rf2 Rb1 32. Re2 0-1

[Event "Chigorin Memorial"]
[Site "St Petersburg"]
[Date "2015.10.03"]
[Round "1.164"]
[White "Pyatin, Alexander"]
[Black "Borunova, Tatiana"]
[Result "1-0"]
[WhiteElo "2175"]
[BlackElo "1599"]
[PlyCount "87"]
[EventDate "2015.10.03"]
[EventType "swiss"]
[EventRounds "9"]
[EventCountry "RUS"]

1. e4 e6 2. d3 d5 3. Nd2 Nf6 4. Ngf3 c5 5. g3 Nc6 6. Bg2 g6 7. O-O Bg7 8. Re1
O-O 9. h4 Qc7 10. Nh2 h5 11. f4 d4 12. e5 Nd5 13. Ne4 b6 14. a3 Nce7 15. g4
hxg4 16. Qxg4 Bb7 17. h5 f5 18. exf6 Nxf6 19. Qxe6+ Kh8 20. h6 Nxe4 21. hxg7+
Kxg7 22. Bxe4 Bxe4 23. Rxe4 Nf5 24. Qe5+ Qxe5 25. Rxe5 Rae8 26. Rxe8 Rxe8 27.
Kf2 b5 28. a4 b4 29. Bd2 a5 30. Re1 Rxe1 31. Kxe1 Nd6 32. Nf3 Kf6 33. Ne5 Kf5
34. Nc4 Nb7 35. Kf2 Ke6 36. Kg3 Kf5 37. Kf3 Ke6 38. Ke4 Nd6+ 39. Nxd6 Kxd6 40.
f5 gxf5+ 41. Kxf5 Kd5 42. b3 Kd6 43. Bf4+ Kd5 44. Kf6 1-0

[Event "Chigorin Memorial"]
[Site "St Petersburg"]
[Date "2015.10.03"]
[Round "1.165"]
[White "Zvereva, Svetlana"]
[Black "Galaktionov, Artem"]
[Result "0-1"]
[WhiteElo "1545"]
[BlackElo "2174"]
[PlyCount "96"]
[EventDate "2015.10.03"]
[EventType "swiss"]
[EventRounds "9"]
[EventCountry "RUS"]

1. e4 c6 2. Nc3 d5 3. Nf3 Bg4 4. exd5 cxd5 5. d4 Nc6 6. Be2 g6 7. h3 Bf5 8. Bd3
Qd7 9. a3 Bg7 10. Bxf5 Qxf5 11. O-O Nf6 12. Ne2 O-O 13. Ng3 Qd7 14. c3 Qd6 15.
Re1 Nd7 16. Bd2 Rae8 17. Qc1 Na5 18. Qc2 f6 19. Rab1 e5 20. Be3 Nc4 21. dxe5
fxe5 22. Bc1 e4 23. Nxe4 dxe4 24. Rxe4 Rxe4 25. Qxe4 Nde5 26. Nd4 Nc6 27. Nxc6
Qxc6 28. Qxc6 bxc6 29. Be3 Nxe3 30. fxe3 Rb8 31. b4 Bxc3 32. Rc1 Bd2 33. Rxc6
Bxe3+ 34. Kf1 Bb6 35. Rf6 Rf8 36. Rxf8+ Kxf8 37. Ke2 Ke7 38. Kd3 Kd6 39. a4 Kd5
40. g4 a6 41. h4 Bf2 42. b5 a5 43. h5 Bc5 44. hxg6 hxg6 45. Kc3 g5 46. Kb3 Bd4
47. b6 Kc6 48. Kc4 Be3 0-1

[Event "Chigorin Memorial"]
[Site "St Petersburg"]
[Date "2015.10.03"]
[Round "1.166"]
[White "Pimenov, Valeri"]
[Black "Smorodkin, Kirill"]
[Result "1-0"]
[WhiteElo "2171"]
[BlackElo "1516"]
[PlyCount "81"]
[EventDate "2015.10.03"]
[EventType "swiss"]
[EventRounds "9"]
[EventCountry "RUS"]

1. e4 c5 2. Nf3 Nc6 3. c3 d6 4. Be2 Nf6 5. d4 cxd4 6. cxd4 e6 7. Nc3 Be7 8. O-O
O-O 9. Bd3 e5 10. d5 Nb8 11. Nd2 Nbd7 12. Nc4 Nb6 13. Ne3 Bd7 14. a4 a6 15. a5
Nc8 16. Bc2 b6 17. Ba4 bxa5 18. Bxd7 Qxd7 19. Rxa5 Nb6 20. Qe2 Qb7 21. Nf5 Kh8
22. Be3 Nc8 23. Rfa1 Rb8 24. R1a2 Qd7 25. f3 Qc7 26. Rxa6 Rb7 27. Rc6 Qd7 28.
Ra8 Na7 29. Rxa7 Rxa7 30. Bxa7 Qxa7+ 31. Kf1 Rd8 32. Qa6 Qxa6+ 33. Rxa6 Bf8 34.
b4 g6 35. Ne3 Rc8 36. Rc6 Nd7 37. Rxc8 Kg7 38. b5 Nb6 39. Rc6 Na8 40. b6 Be7
41. b7 1-0

[Event "Chigorin Memorial"]
[Site "St Petersburg"]
[Date "2015.10.03"]
[Round "1.167"]
[White "Muradyan, Asya"]
[Black "Borisovsky, Dmitry"]
[Result "0-1"]
[WhiteElo "1501"]
[BlackElo "2169"]
[PlyCount "80"]
[EventDate "2015.10.03"]
[EventType "swiss"]
[EventRounds "9"]
[EventCountry "RUS"]

1. e4 c5 2. Nf3 d6 3. d4 cxd4 4. Nxd4 Nf6 5. Nc3 a6 6. Nb3 e6 7. Be2 Qc7 8. O-O
b5 9. a3 Bb7 10. Bf3 Nbd7 11. Bf4 Be7 12. Re1 O-O 13. h3 Rac8 14. Qd2 Ne5 15.
Bxe5 dxe5 16. Rac1 Rfd8 17. Qe2 Ne8 18. Qf1 Nd6 19. Re2 Nc4 20. Nd1 Bg5 21. Rb1
a5 22. Nc3 a4 23. Nc1 Nd2 24. Qe1 Nxb1 25. Nxb1 Ba6 26. Nd3 b4 27. axb4 Bxd3
28. cxd3 Qb6 29. Qf1 Qxb4 30. Nc3 a3 31. Na2 Qxb2 32. Rxb2 axb2 33. Kh2 Rc1 34.
Nxc1 bxc1=Q 35. Qxc1 Bxc1 36. Be2 Rb8 37. Kg3 g6 38. f3 Be3 39. Bf1 Rb1 40. Be2
Re1 0-1

[Event "Chigorin Memorial"]
[Site "St Petersburg"]
[Date "2015.10.03"]
[Round "1.168"]
[White "Shemyakin, Valeriy"]
[Black "Bagaeva, Maria"]
[Result "1/2-1/2"]
[WhiteElo "2169"]
[BlackElo "1500"]
[PlyCount "61"]
[EventDate "2015.10.03"]
[EventType "swiss"]
[EventRounds "9"]
[EventCountry "RUS"]

1. Nf3 Nf6 2. g3 d5 3. Bg2 c6 4. O-O Bf5 5. d4 h6 6. c4 e6 7. Nc3 Nbd7 8. Qb3
Qb6 9. c5 Qxb3 10. axb3 Be7 11. b4 a6 12. b5 cxb5 13. Nxb5 O-O 14. Nc3 Ne4 15.
Nxe4 Bxe4 16. Bd2 Nf6 17. Ra2 Bd8 18. Bf4 Rc8 19. b4 Bc7 20. Bd2 Nd7 21. Rfa1
Nb8 22. Bc3 Nc6 23. Bf1 Bxf3 24. exf3 e5 25. dxe5 Bxe5 26. Bxe5 Nxe5 27. f4 Nc6
28. Rb1 Rfd8 29. Rd2 Rc7 30. Bg2 Ne7 31. Rbd1 1/2-1/2